| 000 | 00604nam a2200229Ia 4500 | ||
|---|---|---|---|
| 003 | OSt | ||
| 005 | 20221007064104.0 | ||
| 006 | a|||||r|||| 00| 0 | ||
| 007 | ta | ||
| 008 | 221006b |||||||| |||| 00| 0 eng d | ||
| 024 | _a27,322 | ||
| 037 | _cTextual | ||
| 040 |
_aFLL _cFLL _beng |
||
| 041 |
_2eng _aeng |
||
| 082 | _aZ52v1:D3, D2.2 | ||
| 100 | _aRoby Henry John | ||
| 245 | 0 | _aRoman private law | |
| 260 |
_aCambridge _bUniversity Press London _c1902 |
||
| 300 |
_axiii,1-560p _ccm. |
||
| 942 |
_hZ52v1:D3, D2.2 _cTEXL _2CC |
||
| 999 |
_c1132978 _d1132978 |
||